000 00632nam a2200205 a 4500
001 BRCA_607
005 20190320203100.0
008 960814s1995 mx-a---##b---#000-0#spa-#
020 _a9682983622
040 _aDLC
_cDLC
050 4 _aN8580
_b.C74 1995
245 1 0 _aDe la creación a la copia
_bsiglos XVI-XX.
260 _a[México
_bCONACULTA
_c1995]
300 _a176 p.
_bil.
_c28 cm.
500 _aCatálogo de la exposición realizada en el Museo de San Carlos (Ciudad de México), 1995
504 _aBibliografía: p. 175-176
650 1 4 _aArte
_xReproducción
_92078
710 2 _aMuseo de San Carlos
_92079
942 _2lcc
_cB
999 _c533
_d533